000 00832nam a22002417a 4500
003 UA-OsUOA
001 120141
007 ta
008 20161208b un ||||| |||| 00| 0 ukr d
090 _a811.111
_bП77
942 _cBK
040 _aUA-OsUOA
_bukr
_cUA-OsUOA
_dUA-OsUOA
245 _aПрискорений курс англійської мови
_bпідручник
_cЛ. Ю. Куліш, Є. О. Друянова, В. Л. Мотова, А. І. Мостицька
300 _a360 с.
955 _a2
041 _aukr
080 _a811.111
020 _a966-95747-1-4
260 _aК.
_bЧумацький шлях
_c2001
250 _n4-те вид., випр. та доп.
650 7 _a8 Мовознавство. Художня література. Літературознавство
_2UDC
999 _c406266
_d406266